[Event "2023 National K-12 Grade Championships"]
[Site "Orlando, Florida, United States"]
[Date "2023.12.15"]
[Round "1.18"]
[White "Pataridze, Alexander"]
[Black "Luo, Wesley"]
[Result "0-1"]
[TimeControl "G/90;d10"]
[WhiteElo "1030"]
[BlackElo "2151"]

1. d4 {[%clk 01:30:00]} {[%emt 00:00:04]} Nf6 {[%clk 01:30:00]} {[%emt
00:00:05]} 2. Nf3 {[%clk 01:29:46]} {[%emt 00:00:25]} g6 {[%clk 01:30:00]}
{[%emt 00:00:07]} 3. g3 {[%clk 01:29:18]} {[%emt 00:00:37]} Bg7 {[%clk
01:30:00]} {[%emt 00:00:09]} 4. Bg2 {[%clk 01:29:04]} {[%emt 00:00:26]} O-O
{[%clk 01:30:00]} {[%emt 00:00:08]} 5. O-O {[%clk 01:29:01]} {[%emt 00:00:12]}
d6 {[%clk 01:29:22]} {[%emt 00:00:49]} 6. Be3 {[%clk 01:27:59]} {[%emt
00:01:12]} Ng4 {[%clk 01:28:25]} {[%emt 00:01:06]} 7. Qd2 {[%clk 01:25:26]}
{[%emt 00:02:43]} Nd7 {[%clk 01:27:14]} {[%emt 00:01:21]} 8. c3 {[%clk
01:22:23]} {[%emt 00:03:15]} Nb6 {[%clk 01:26:10]} {[%emt 00:01:12]} 9. Re1
{[%clk 01:16:21]} {[%emt 00:06:12]} Nc4 {[%clk 01:25:04]} {[%emt 00:01:16]} 10.
Qd3 {[%clk 01:14:33]} {[%emt 00:01:58]} d5 {[%clk 01:24:42]} {[%emt 00:00:32]}
11. b3 {[%clk 01:09:56]} {[%emt 00:04:48]} Bf5 {[%clk 01:24:24]} {[%emt
00:00:26]} 12. Qd1 {[%clk 01:07:17]} {[%emt 00:02:51]} Ncxe3 {[%clk 01:23:40]}
{[%emt 00:00:52]} 13. fxe3 {[%clk 01:04:51]} {[%emt 00:02:37]} Nxe3 {[%clk
01:23:40]} {[%emt 00:00:08]} 14. Qd2 {[%clk 01:01:49]} {[%emt 00:03:12]} Nc2
{[%clk 01:23:40]} {[%emt 00:00:08]} 15. Na3 {[%clk 00:52:39]} {[%emt 00:09:21]}
Nxa3 {[%clk 01:23:05]} {[%emt 00:00:45]} 16. Qb2 {[%clk 00:51:26]} {[%emt
00:01:23]} Nc2 {[%clk 01:23:05]} {[%emt 00:00:10]} 17. Rac1 {[%clk 00:44:43]}
{[%emt 00:06:54]} Nxe1 {[%clk 01:22:14]} {[%emt 00:00:59]} 18. Rxe1 {[%clk
00:44:31]} {[%emt 00:00:22]} Qd6 {[%clk 01:21:54]} {[%emt 00:00:28]} 19. e3
{[%clk 00:36:55]} {[%emt 00:07:49]} Rfe8 {[%clk 01:19:32]} {[%emt 00:02:30]} 20.
Qf2 {[%clk 00:26:53]} {[%emt 00:10:12]} e5 {[%clk 01:18:22]} {[%emt 00:01:20]}
21. dxe5 {[%clk 00:26:22]} {[%emt 00:00:42]} Bxe5 {[%clk 01:18:21]} {[%emt
00:00:10]} 22. Rd1 {[%clk 00:25:11]} {[%emt 00:01:22]} Bxc3 {[%clk 01:17:12]}
{[%emt 00:01:19]} 23. Ng5 {[%clk 00:20:23]} {[%emt 00:04:58]} Qe7 {[%clk
01:16:38]} {[%emt 00:00:42]} 24. Bxd5 {[%clk 00:19:25]} {[%emt 00:01:11]} Qxg5
{[%clk 01:15:41]} {[%emt 00:01:05]} 0-1

[Event "2023 National K-12 Grade Championships"]
[Site "Orlando, Florida, United States"]
[Date "2023.12.15"]
[Round "1.19"]
[White "Wang, Kyle Y"]
[Black "Quezada, Miranda Isabela"]
[Result "1-0"]
[TimeControl "G/90;d10"]
[WhiteElo "2078"]
[BlackElo "1081"]

1. e4 {[%clk 01:30:00]} e5 {[%clk 01:30:00]} {[%emt 00:00:06]} 2. Nf3 {[%clk
01:30:00]} {[%emt 00:00:03]} Nc6 {[%clk 01:30:00]} {[%emt 00:00:07]} 3. Bb5
{[%clk 01:30:00]} {[%emt 00:00:05]} Nf6 {[%clk 01:29:53]} {[%emt 00:00:17]} 4.
O-O {[%clk 01:29:59]} {[%emt 00:00:12]} Bc5 {[%clk 01:29:51]} {[%emt 00:00:12]}
5. d3 {[%clk 01:29:16]} {[%emt 00:00:52]} h6 {[%clk 01:29:51]} {[%emt
00:00:10]} 6. Bxc6 {[%clk 01:28:59]} {[%emt 00:00:27]} bxc6 {[%clk 01:29:44]}
{[%emt 00:00:18]} 7. Nxe5 {[%clk 01:28:56]} {[%emt 00:00:13]} O-O {[%clk
01:29:11]} {[%emt 00:00:43]} 8. Nd2 {[%clk 01:27:44]} {[%emt 00:01:21]} Qe7
{[%clk 01:28:23]} {[%emt 00:00:58]} 9. Nef3 {[%clk 01:27:30]} {[%emt 00:00:23]}
d5 {[%clk 01:27:47]} {[%emt 00:00:48]} 10. e5 {[%clk 01:27:10]} {[%emt
00:00:30]} Ng4 {[%clk 01:26:55]} {[%emt 00:01:02]} 11. d4 {[%clk 01:27:02]}
{[%emt 00:00:18]} Bb4 {[%clk 01:26:28]} {[%emt 00:00:37]} 12. c3 {[%clk
01:27:02]} {[%emt 00:00:07]} Ba5 {[%clk 01:26:22]} {[%emt 00:00:16]} 13. h3
{[%clk 01:27:02]} {[%emt 00:00:02]} Nxe5 {[%clk 01:25:34]} {[%emt 00:00:57]} 14.
Nxe5 {[%clk 01:27:02]} {[%emt 00:00:09]} Qf6 {[%clk 01:25:12]} {[%emt
00:00:33]} 15. Ndf3 {[%clk 01:26:54]} {[%emt 00:00:18]} Bf5 {[%clk 01:23:56]}
{[%emt 00:01:26]} 16. Qa4 {[%clk 01:26:39]} {[%emt 00:00:24]} Bb6 {[%clk
01:23:44]} {[%emt 00:00:23]} 17. Qxc6 {[%clk 01:26:38]} {[%emt 00:00:11]} Qd8
{[%clk 01:20:12]} {[%emt 00:03:43]} 18. Bf4 {[%clk 01:26:14]} {[%emt 00:00:33]}
Re8 {[%clk 01:16:43]} {[%emt 00:03:39]} 19. a4 {[%clk 01:25:50]} {[%emt
00:00:34]} Re6 {[%clk 01:14:36]} {[%emt 00:02:16]} 20. Qb5 {[%clk 01:25:38]}
{[%emt 00:00:21]} a6 {[%clk 01:12:20]} {[%emt 00:02:28]} 21. Qb3 {[%clk
01:25:05]} {[%emt 00:00:41]} c5 {[%clk 01:10:32]} {[%emt 00:02:00]} 22. dxc5
{[%clk 01:21:47]} {[%emt 00:03:28]} Bxc5 {[%clk 01:09:59]} {[%emt 00:00:42]} 23.
Rad1 {[%clk 01:21:41]} {[%emt 00:00:16]} Be4 {[%clk 01:08:26]} {[%emt
00:01:44]} 24. Nd4 {[%clk 01:18:47]} {[%emt 00:03:03]} Rb8 {[%clk 01:07:40]}
{[%emt 00:00:57]} 25. Nxe6 {[%clk 01:18:08]} {[%emt 00:00:49]} fxe6 {[%clk
01:06:59]} {[%emt 00:00:50]} 26. Nc6 {[%clk 01:17:50]} {[%emt 00:00:28]} Rxb3
{[%clk 01:06:04]} {[%emt 00:01:06]} 27. Nxd8 {[%clk 01:17:50]} {[%emt
00:00:02]} Rxb2 {[%clk 01:05:05]} {[%emt 00:01:09]} 28. Nxe6 {[%clk 01:17:50]}
{[%emt 00:00:09]} Bb6 {[%clk 01:03:41]} {[%emt 00:01:34]} 29. Rd2 {[%clk
01:17:42]} {[%emt 00:00:18]} Rb3 {[%clk 01:02:32]} {[%emt 00:01:19]} 30. Be3
{[%clk 01:17:10]} {[%emt 00:00:42]} Ba5 {[%clk 01:02:08]} {[%emt 00:00:34]} 31.
Bd4 {[%clk 01:17:09]} {[%emt 00:00:11]} Bxc3 {[%clk 01:01:31]} {[%emt
00:00:47]} 32. Bxc3 {[%clk 01:17:09]} {[%emt 00:00:09]} Rxc3 {[%clk 01:01:31]}
{[%emt 00:00:09]} 33. Nf4 {[%clk 01:16:54]} {[%emt 00:00:24]} Rc4 {[%clk
00:59:34]} {[%emt 00:02:08]} 34. Nxd5 {[%clk 01:16:54]} {[%emt 00:00:10]} Rxa4
{[%clk 00:59:24]} {[%emt 00:00:20]} 35. Nc3 {[%clk 01:16:54]} {[%emt 00:00:10]}
Rb4 {[%clk 00:57:49]} {[%emt 00:01:45]} 36. Nxe4 {[%clk 01:16:54]} {[%emt
00:00:02]} Rxe4 {[%clk 00:57:26]} {[%emt 00:00:33]} 37. Rd7 {[%clk 01:16:54]}
{[%emt 00:00:07]} a5 {[%clk 00:57:12]} {[%emt 00:00:24]} 38. Rc1 {[%clk
01:16:54]} {[%emt 00:00:08]} a4 {[%clk 00:57:12]} {[%emt 00:00:09]} 39. Rcc7
{[%clk 01:16:54]} {[%emt 00:00:09]} Re1+ {[%clk 00:56:35]} {[%emt 00:00:47]} 40.
Kh2 {[%clk 01:16:54]} {[%emt 00:00:01]} a3 {[%clk 00:55:18]} {[%emt 00:01:28]}
41. Rxg7+ {[%clk 01:16:54]} {[%emt 00:00:06]} Kh8 {[%clk 00:54:43]} {[%emt
00:00:45]} 42. Rh7+ {[%clk 01:16:50]} {[%emt 00:00:14]} Kg8 {[%clk 00:54:34]}
{[%emt 00:00:20]} 43. Rcg7+ {[%clk 01:16:50]} {[%emt 00:00:06]} Kf8 {[%clk
00:54:25]} {[%emt 00:00:19]} 44. Ra7 {[%clk 01:16:50]} {[%emt 00:00:01]} Kg8
{[%clk 00:54:00]} {[%emt 00:00:35]} 45. Rhb7 {[%clk 01:16:50]} {[%emt
00:00:09]} Re8 {[%clk 00:53:56]} {[%emt 00:00:14]} 46. Rxa3 {[%clk 01:16:50]}
{[%emt 00:00:03]} Rf8 {[%clk 00:53:37]} {[%emt 00:00:30]} 47. Rf3 {[%clk
01:16:44]} {[%emt 00:00:16]} Rd8 {[%clk 00:52:57]} {[%emt 00:00:49]} 48. Kg3
{[%clk 01:16:26]} {[%emt 00:00:28]} Rd6 {[%clk 00:52:26]} {[%emt 00:00:41]} 49.
Rc3 {[%clk 01:16:21]} {[%emt 00:00:15]} Rg6+ {[%clk 00:51:57]} {[%emt
00:00:39]} 50. Kf4 {[%clk 01:16:19]} {[%emt 00:00:12]} Rf6+ {[%clk 00:51:27]}
{[%emt 00:00:41]} 51. Ke5 {[%clk 01:16:19]} {[%emt 00:00:09]} Rxf2 {[%clk
00:51:11]} {[%emt 00:00:26]} 52. Rc8+ {[%clk 01:16:19]} {[%emt 00:00:02]} Rf8
{[%clk 00:51:03]} {[%emt 00:00:18]} 53. Rxf8+ {[%clk 01:16:19]} {[%emt
00:00:02]} Kxf8 {[%clk 00:50:37]} {[%emt 00:00:36]} 54. Ke6 {[%clk 01:16:19]}
{[%emt 00:00:02]} Kg8 {[%clk 00:50:05]} {[%emt 00:00:40]} 55. Kf6 {[%clk
01:16:19]} {[%emt 00:00:02]} h5 {[%clk 00:48:56]} {[%emt 00:01:20]} 56. h4
{[%clk 01:16:19]} {[%emt 00:00:01]} Kh8 {[%clk 00:48:02]} {[%emt 00:01:03]} 57.
Kg6 {[%clk 01:16:19]} {[%emt 00:00:05]} Kg8 {[%clk 00:46:47]} {[%emt 00:01:24]}
58. Rb8# {[%clk 01:16:19]} {[%emt 00:00:02]} 1-0

[Event "2023 National K-12 Grade Championships"]
[Site "Orlando, Florida, United States"]
[Date "2023.12.15"]
[Round "1.20"]
[White "Chin, Jonathan"]
[Black "Anandh, Vijay Srinivas"]
[Result "0-1"]
[TimeControl "G/90;d10"]
[WhiteElo "1080"]
[BlackElo "2029"]

1. c4 {[%emt 00:00:02]} e6 {[%clk 01:30:00]} {[%emt 00:00:07]} 2. Nc3 {[%clk
01:30:00]} {[%emt 00:00:02]} d5 {[%clk 01:30:00]} {[%emt 00:00:08]} 3. cxd5
{[%clk 01:30:00]} {[%emt 00:00:08]} exd5 {[%clk 01:30:00]} {[%emt 00:00:07]} 4.
Nf3 {[%clk 01:29:58]} {[%emt 00:00:13]} Nf6 {[%clk 01:30:00]} {[%emt 00:00:07]}
5. g3 {[%clk 01:29:58]} {[%emt 00:00:04]} d4 {[%clk 01:29:31]} {[%emt
00:00:39]} 6. Nb5 {[%clk 01:29:49]} {[%emt 00:00:20]} c5 {[%clk 01:28:33]}
{[%emt 00:01:07]} 7. a4 {[%clk 01:28:47]} {[%emt 00:01:12]} a6 {[%clk
01:27:39]} {[%emt 00:01:04]} 8. Na3 {[%clk 01:28:33]} {[%emt 00:00:24]} Be6
{[%clk 01:27:35]} {[%emt 00:00:14]} 9. Bg2 {[%clk 01:28:05]} {[%emt 00:00:38]}
Nc6 {[%clk 01:27:15]} {[%emt 00:00:31]} 10. O-O {[%clk 01:27:41]} {[%emt
00:00:24]} h6 {[%clk 01:27:03]} {[%emt 00:00:32]} 11. Nc2 {[%clk 01:26:58]}
{[%emt 00:00:53]} Bb3 {[%clk 01:26:19]} {[%emt 00:00:53]} 12. d3 {[%clk
01:26:20]} {[%emt 00:00:48]} Nb4 {[%clk 01:25:14]} {[%emt 00:01:16]} 13. Nfe1
{[%clk 01:25:48]} {[%emt 00:00:41]} Qd7 {[%clk 01:24:29]} {[%emt 00:00:55]} 14.
a5 {[%clk 01:24:19]} {[%emt 00:01:39]} Be7 {[%clk 01:22:10]} {[%emt 00:02:28]}
15. Qd2 {[%clk 01:22:19]} {[%emt 00:02:11]} Nfd5 {[%clk 01:20:51]} {[%emt
00:01:29]} 16. Nxb4 {[%clk 01:21:49]} {[%emt 00:00:39]} Nxb4 {[%clk 01:19:52]}
{[%emt 00:01:09]} 17. Ra3 {[%clk 01:20:21]} {[%emt 00:01:38]} Bd5 {[%clk
01:19:40]} {[%emt 00:00:22]} 18. Nc2 {[%clk 01:17:53]} {[%emt 00:02:39]} Bxg2
{[%clk 01:17:58]} {[%emt 00:01:52]} 19. Kxg2 {[%clk 01:17:53]} {[%emt
00:00:05]} Nd5 {[%clk 01:17:57]} {[%emt 00:00:11]} 20. e3 {[%clk 01:13:08]}
{[%emt 00:04:55]} c4 {[%clk 01:15:15]} {[%emt 00:02:52]} 21. Ra1 {[%clk
01:12:30]} {[%emt 00:00:48]} dxe3 {[%clk 01:14:41]} {[%emt 00:00:43]} 22. Nxe3
{[%clk 01:11:16]} {[%emt 00:01:24]} cxd3 {[%clk 01:14:09]} {[%emt 00:00:43]} 23.
Nxd5 {[%clk 01:10:41]} {[%emt 00:00:44]} Qxd5+ {[%clk 01:14:09]} {[%emt
00:00:07]} 24. f3 {[%clk 01:10:30]} {[%emt 00:00:22]} Rc8 {[%clk 01:14:09]}
{[%emt 00:00:06]} 25. Re1 {[%clk 01:08:57]} {[%emt 00:01:43]} Rc2 {[%clk
01:14:09]} {[%emt 00:00:07]} 26. Qxc2 {[%clk 01:08:31]} {[%emt 00:00:36]} dxc2
{[%clk 01:14:09]} {[%emt 00:00:06]} 27. Re2 {[%clk 01:07:20]} {[%emt 00:01:22]}
Qd1 {[%clk 01:14:09]} {[%emt 00:00:07]} 28. Rd2 {[%clk 01:06:38]} {[%emt
00:00:52]} Bb4 {[%clk 01:13:13]} {[%emt 00:01:05]} 29. Rf2 {[%clk 01:04:13]}
{[%emt 00:02:35]} O-O {[%clk 01:13:00]} {[%emt 00:00:23]} 30. Rf1 {[%clk
01:03:34]} {[%emt 00:00:49]} Re8 {[%clk 01:13:00]} {[%emt 00:00:04]} 31. Ra4
{[%clk 00:57:15]} {[%emt 00:06:29]} Re2+ {[%clk 01:12:52]} {[%emt 00:00:17]} 32.
Kh1 {[%clk 00:56:24]} {[%emt 00:01:01]} Qxf1# {[%clk 01:12:52]} {[%emt
00:00:08]} 0-1

[Event "2023 National K-12 Grade Championships"]
[Site "Orlando, Florida, United States"]
[Date "2023.12.15"]
[Round "1.21"]
[White "Paragua, Megan Althea"]
[Black "Lee, Jake"]
[Result "1-0"]
[TimeControl "G/90;d10"]
[WhiteElo "2173"]
[BlackElo "1347"]

1. e4 {[%clk 01:30:00]} {[%emt 00:00:04]} d5 {[%clk 01:30:00]} {[%emt
00:00:08]} 2. exd5 {[%clk 01:30:00]} {[%emt 00:00:08]} Qxd5 {[%clk 01:30:00]}
{[%emt 00:00:03]} 3. Nc3 {[%clk 01:29:59]} {[%emt 00:00:11]} Qd8 {[%clk
01:30:00]} {[%emt 00:00:07]} 4. Bc4 {[%clk 01:29:04]} {[%emt 00:01:05]} Nf6
{[%clk 01:29:31]} {[%emt 00:00:40]} 5. Nge2 {[%clk 01:29:04]} {[%emt 00:00:09]}
Bf5 {[%clk 01:29:13]} {[%emt 00:00:28]} 6. O-O {[%clk 01:28:53]} {[%emt
00:00:21]} e6 {[%clk 01:29:01]} {[%emt 00:00:23]} 7. d3 {[%clk 01:28:23]}
{[%emt 00:00:39]} Bc5 {[%clk 01:28:05]} {[%emt 00:01:06]} 8. Ng3 {[%clk
01:26:46]} {[%emt 00:01:47]} Bg6 {[%clk 01:27:29]} {[%emt 00:00:46]} 9. Qf3
{[%clk 01:26:35]} {[%emt 00:00:21]} Nc6 {[%clk 01:26:54]} {[%emt 00:00:44]} 10.
Bg5 {[%clk 01:25:24]} {[%emt 00:01:21]} Be7 {[%clk 01:24:39]} {[%emt 00:02:26]}
11. Bb5 {[%clk 01:22:45]} {[%emt 00:02:49]} Qd6 {[%clk 01:22:49]} {[%emt
00:01:59]} 12. Bxf6 {[%clk 01:21:30]} {[%emt 00:01:26]} Bxf6 {[%clk 01:22:39]}
{[%emt 00:00:20]} 13. Nce4 {[%clk 01:21:30]} {[%emt 00:00:08]} Bxe4 {[%clk
01:22:11]} {[%emt 00:00:37]} 14. Nxe4 {[%clk 01:21:30]} {[%emt 00:00:05]} Qd5
{[%clk 01:16:55]} {[%emt 00:05:27]} 15. c4 {[%clk 01:21:06]} {[%emt 00:00:34]}
Qf5 {[%clk 01:15:43]} {[%emt 00:01:21]} 16. Nxf6+ {[%clk 01:20:38]} {[%emt
00:00:39]} Qxf6 {[%clk 01:15:41]} {[%emt 00:00:10]} 17. Bxc6+ {[%clk 01:20:38]}
{[%emt 00:00:08]} bxc6 {[%clk 01:15:41]} {[%emt 00:00:06]} 18. Qxc6+ {[%clk
01:20:38]} {[%emt 00:00:04]} Ke7 {[%clk 01:15:38]} {[%emt 00:00:12]} 19. Qxc7+
{[%clk 01:20:38]} {[%emt 00:00:04]} Kf8 {[%clk 01:14:55]} {[%emt 00:00:53]} 20.
Qc5+ {[%clk 01:20:23]} {[%emt 00:00:23]} Qe7 {[%clk 01:14:33]} {[%emt
00:00:35]} 21. Qxe7+ {[%clk 01:19:40]} {[%emt 00:00:53]} Kxe7 {[%clk 01:14:33]}
{[%emt 00:00:05]} 22. d4 {[%clk 01:19:10]} {[%emt 00:00:40]} Rhd8 {[%clk
01:13:57]} {[%emt 00:00:45]} 23. Rfd1 {[%clk 01:19:05]} {[%emt 00:00:15]} Rab8
{[%clk 01:13:54]} {[%emt 00:00:13]} 24. b3 {[%clk 01:19:03]} {[%emt 00:00:13]}
Rb7 {[%clk 01:13:07]} {[%emt 00:00:57]} 25. Rd3 {[%clk 01:18:41]} {[%emt
00:00:32]} Rbd7 {[%clk 01:13:00]} {[%emt 00:00:16]} 26. Rad1 {[%clk 01:18:41]}
{[%emt 00:00:06]} f6 {[%clk 01:12:19]} {[%emt 00:00:51]} 27. Kf1 {[%clk
01:17:14]} {[%emt 00:01:37]} Rd6 {[%clk 01:11:35]} {[%emt 00:00:53]} 28. Ke2
{[%clk 01:17:08]} {[%emt 00:00:16]} Ra6 {[%clk 01:11:27]} {[%emt 00:00:18]} 29.
R1d2 {[%clk 01:17:05]} {[%emt 00:00:13]} g6 {[%clk 01:11:05]} {[%emt 00:00:32]}
30. Kd1 {[%clk 01:16:39]} {[%emt 00:00:36]} h5 {[%clk 01:09:24]} {[%emt
00:01:51]} 31. Kc1 {[%clk 01:16:39]} {[%emt 00:00:10]} f5 {[%clk 01:09:12]}
{[%emt 00:00:23]} 32. f4 {[%clk 01:16:13]} {[%emt 00:00:35]} Kf6 {[%clk
01:08:32]} {[%emt 00:00:51]} 33. h4 {[%clk 01:16:13]} {[%emt 00:00:07]} Ke7
{[%clk 01:08:32]} {[%emt 00:00:06]} 34. Kb2 {[%clk 01:16:13]} {[%emt 00:00:08]}
Rc6 {[%clk 01:07:18]} {[%emt 00:01:23]} 35. Kc3 {[%clk 01:15:44]} {[%emt
00:00:40]} a5 {[%clk 01:06:58]} {[%emt 00:00:30]} 36. Re2 {[%clk 01:15:21]}
{[%emt 00:00:33]} Kf6 {[%clk 01:06:33]} {[%emt 00:00:34]} 37. Re5 {[%clk
01:15:17]} {[%emt 00:00:14]} Ra8 {[%clk 01:06:07]} {[%emt 00:00:37]} 38. g3
{[%clk 01:13:35]} {[%emt 00:01:53]} a4 {[%clk 01:05:51]} {[%emt 00:00:25]} 39.
b4 {[%clk 01:13:35]} {[%emt 00:00:09]} Rd6 {[%clk 01:01:56]} {[%emt 00:04:04]}
40. c5 {[%clk 01:13:25]} {[%emt 00:00:20]} 1-0

[Event "2023 National K-12 Grade Championships"]
[Site "Orlando, Florida, United States"]
[Date "2023.12.15"]
[Round "1.22"]
[White "Kantem, Samanvi"]
[Black "Dong, Kyle Qiyu"]
[Result "0-1"]
[TimeControl "G/90;d10"]
[WhiteElo "1320"]
[BlackElo "2144"]

1. e4 {[%clk 01:30:00]} {[%emt 00:00:04]} c5 {[%clk 01:30:00]} {[%emt
00:00:06]} 2. Nf3 {[%clk 01:29:46]} {[%emt 00:00:24]} Nc6 {[%clk 01:30:00]}
{[%emt 00:00:04]} 3. Nc3 {[%clk 01:29:32]} {[%emt 00:00:25]} g6 {[%clk
01:30:00]} {[%emt 00:00:07]} 4. d4 {[%clk 01:29:18]} {[%emt 00:00:24]} cxd4
{[%clk 01:30:00]} {[%emt 00:00:03]} 5. Nxd4 {[%clk 01:28:56]} {[%emt 00:00:33]}
Bg7 {[%clk 01:29:58]} {[%emt 00:00:11]} 6. Be3 {[%clk 01:28:06]} {[%emt
00:01:01]} Nf6 {[%clk 01:29:58]} {[%emt 00:00:05]} 7. Bd3 {[%clk 01:27:35]}
{[%emt 00:00:40]} O-O {[%clk 01:27:27]} {[%emt 00:02:41]} 8. O-O {[%clk
01:27:05]} {[%emt 00:00:39]} d6 {[%clk 01:26:42]} {[%emt 00:00:56]} 9. Nxc6
{[%clk 01:26:00]} {[%emt 00:01:15]} bxc6 {[%clk 01:26:42]} {[%emt 00:00:03]} 10.
Be2 {[%clk 01:23:56]} {[%emt 00:02:14]} Qa5 {[%clk 01:26:37]} {[%emt 00:00:15]}
11. Bf3 {[%clk 01:22:09]} {[%emt 00:01:57]} Rd8 {[%clk 01:25:32]} {[%emt
00:01:15]} 12. Qd2 {[%clk 01:21:06]} {[%emt 00:01:13]} Ba6 {[%clk 01:24:35]}
{[%emt 00:01:08]} 13. Rfe1 {[%clk 01:20:33]} {[%emt 00:00:42]} Rab8 {[%clk
01:24:26]} {[%emt 00:00:20]} 14. Rab1 {[%clk 01:20:12]} {[%emt 00:00:30]} Nd7
{[%clk 01:23:03]} {[%emt 00:01:33]} 15. Bxa7 {[%clk 01:17:37]} {[%emt
00:02:45]} Rxb2 {[%clk 01:22:32]} {[%emt 00:00:42]} 16. Bd4 {[%clk 01:16:26]}
{[%emt 00:01:20]} Bxd4 {[%clk 01:21:27]} {[%emt 00:01:16]} 17. Qxd4 {[%clk
01:16:08]} {[%emt 00:00:28]} Rxc2 {[%clk 01:21:08]} {[%emt 00:00:29]} 18. Rec1
{[%clk 01:14:38]} {[%emt 00:01:40]} Rxc1+ {[%clk 01:19:08]} {[%emt 00:02:10]}
19. Rxc1 {[%clk 01:14:00]} {[%emt 00:00:47]} Rb8 {[%clk 01:16:42]} {[%emt
00:02:37]} 20. h3 {[%clk 01:12:09]} {[%emt 00:02:01]} Nc5 {[%clk 01:14:55]}
{[%emt 00:01:56]} 21. Be2 {[%clk 01:07:31]} {[%emt 00:04:47]} Bxe2 {[%clk
01:13:48]} {[%emt 00:01:18]} 22. Nxe2 {[%clk 01:07:01]} {[%emt 00:00:41]} Qxa2
{[%clk 01:13:48]} {[%emt 00:00:06]} 23. Nc3 {[%clk 01:04:05]} {[%emt 00:03:05]}
Qa3 {[%clk 01:12:14]} {[%emt 00:01:45]} 24. Qd1 {[%clk 01:02:16]} {[%emt
00:01:55]} Rb2 {[%clk 01:05:40]} {[%emt 00:06:47]} 25. Rc2 {[%clk 00:58:35]}
{[%emt 00:03:51]} Rxc2 {[%clk 01:03:59]} {[%emt 00:01:51]} 26. Qxc2 {[%clk
00:58:14]} {[%emt 00:00:30]} Qb3 {[%clk 01:03:58]} {[%emt 00:00:12]} 27. Qxb3
{[%clk 00:58:02]} {[%emt 00:00:22]} Nxb3 {[%clk 01:03:58]} {[%emt 00:00:02]} 28.
Kf1 {[%clk 00:57:15]} {[%emt 00:00:56]} Kg7 {[%clk 01:02:42]} {[%emt 00:01:26]}
29. Ke2 {[%clk 00:57:09]} {[%emt 00:00:17]} Kf6 {[%clk 01:02:42]} {[%emt
00:00:04]} 30. Ke3 {[%clk 00:57:09]} {[%emt 00:00:10]} e5 {[%clk 01:02:36]}
{[%emt 00:00:16]} 31. f3 {[%clk 00:56:52]} {[%emt 00:00:26]} Ke6 {[%clk
01:02:36]} {[%emt 00:00:06]} 32. g4 {[%clk 00:56:01]} {[%emt 00:01:01]} 0-1